000 00459nam a2200205Ia 4500
001 13875
003 GE_BSU
008 181216s||||||||xx |||||||||||||| ||und||
020 _a0140272348
040 _cGE_BSU
080 _a821.111-3
100 _aVine,Barbara.
245 4 _aThe chimney sweeper's boy.
260 _aLondon.
260 _bPenguin Books.
260 _c1998
300 _a439p;18cm.
653 _aThe chimney sweeper's boy.
942 _cBK
999 _c47019
_d47019